Stores + shops EHI-Magazin für Ladenbau, Einrichtung und POP-Marketing
Guardado en:
| Formato: | Seriadas |
|---|---|
| Lenguaje: | alemán |
| Publicado: |
Köln
EHI-EuroHandelsinstitut
2003
|
| Materias: | |
| Etiquetas: |
Sin Etiquetas, Sea el primero en etiquetar este registro!
|
MARC
| LEADER | 00000nas2a2200000 4500 | ||
|---|---|---|---|
| 001 | 0052833 | ||
| 005 | 20070202141307.6 | ||
| 022 | |a 1430-4082 | ||
| 041 | 0 | |a ger | |
| 044 | |a DE | ||
| 245 | 1 | 0 | |a Stores + shops |b EHI-Magazin für Ladenbau, Einrichtung und POP-Marketing |
| 264 | 1 | |a Köln |b EHI-EuroHandelsinstitut |c 2003 | |
| 500 | |a Chýba č. 3 | ||
| 773 | 0 | |w eu_un_cat*s123413 | |
| 610 | 2 | 0 | |a obchod medzinárodný |
| 610 | 2 | 0 | |a tovar |
| 610 | 2 | 0 | |a merchandising |